The urban imperative : (Record no. 92280)

MARC details
000 -LEADER
fixed length control field 00725nam a22002177a 4500
005 - DATE AND TIME OF LATEST TRANSACTION
control field 20170208113428.0
010 ## - LCCN (DPL NO)
LC control number ENG-112393
020 ## - INTERNATIONAL STANDARD BOOK NUMBER
International Standard Book Number 9780199457779
Terms of availability 995.00
020 ## - INTERNATIONAL STANDARD BOOK NUMBER
International Standard Book Number 199457778
Terms of availability 995.00
035 ## - SYSTEM CONTROL NUMBER
System control number EN-95925
037 ## - SOURCE OF ACQUISITION
Source of stock number/acquisition DBAD/PUB
082 ## - DEWEY DECIMAL CLASSIFICATION NUMBER
Classification number 307.1216091724
245 ## - TITLE STATEMENT
Title The urban imperative :
Remainder of title edited by Edward Glaeser [and] Abha Joshi-Ghani
Statement of responsibility, etc towards competitive cities /
260 ## - PUBLICATION, DISTRIBUTION, ETC. (IMPRINT)
Place of publication, distribution, etc New Delhi
Name of publisher, distributor, etc Oxford University Press
Date of publication, distribution, etc 2015
270 ## - ADDRESS
Address YMCA Library Building, 1 Jai Singh Road,
City New Delhi
Postal code 110001
300 ## - PHYSICAL DESCRIPTION
Extent xivii,463p.
Dimensions 23cm(Hb)
500 ## - GENERAL NOTE
General note Includes index
700 ## - ADDED ENTRY--PERSONAL NAME
Personal name Glaeser, Edward
700 ## - ADDED ENTRY--PERSONAL NAME
Personal name Ghani, Abha Joshi
942 ## - ADDED ENTRY ELEMENTS (KOHA)
Source of classification or shelving scheme Dewey Decimal Classification
Item type English Books
Call number suffix THE
Classification part 307.1216091724
Holdings
Withdrawn status Lost status Not for loan Collection code Home library Current library Date acquired Source of acquisition Cost, normal purchase price Full call number Barcode Copy number Cost, replacement price Koha item type
      Non-fiction Sarojini Nagar Sarojini Nagar 17/03/2015 DBAD/PUB 995.00 THE EN-95925 1 995.00 English Books

© Delhi Public Library
Hit Counter
free hit counter